Caricamento...

The philosophy of Aristotle

Dettagli Bibliografici
Autore principale: Jancar,Barbara
Natura: Printed Book
Lingua:English
Pubblicazione: Monarch Press Monarch Press 1966
LEADER 00484nam a2200133Ia 4500
008 111205s9999 xx 000 0 eng d
082 |a IN 800 MUK/T 
100 |a Jancar,Barbara 
245 |a The philosophy of Aristotle  |c Jancar,Barbara 
260 |b Monarch Press  |a Monarch Press  |c 1966 
300 |a 276 
942 |c BK 
999 |c 215906  |d 215906 
952 |0 0  |1 0  |2 ddc  |4 0  |6 E_185_000000000000000_JAN_P  |7 0  |9 238699  |a MAL  |b MAL  |c ST1  |d 2011-12-05  |g 39.00  |l 0  |o E 185 JAN/P  |p MAL17701  |r 2011-12-05  |v 39.00  |w 2011-12-05  |y BK